Exploring mathematics with Mathematica : dialogs concerning computers and mathematics / (Record no. 63568)
[ view plain ]
| 000 -LEADER | |
|---|---|
| fixed length control field | 01033cam a2200301 a 4500 |
| 001 - CONTROL NUMBER | |
| control field | 4832389 |
| 003 - CONTROL NUMBER IDENTIFIER | |
| control field | NUST - PNEC |
| 005 - DATE AND TIME OF LATEST TRANSACTION | |
| control field | 20170116180817.0 |
| 008 - FIXED-LENGTH DATA ELEMENTS--GENERAL INFORMATION | |
| fixed length control field | 900226s1991 cauaf 001 0 eng |
| 010 ## - LIBRARY OF CONGRESS CONTROL NUMBER | |
| LC control number | 90000302 |
| 020 ## - INTERNATIONAL STANDARD BOOK NUMBER | |
| International Standard Book Number | 0201528096 (hardcover) |
| 020 ## - INTERNATIONAL STANDARD BOOK NUMBER | |
| International Standard Book Number | 0201528185 (pbk.) |
| 040 ## - CATALOGING SOURCE | |
| Original cataloging agency | DLC |
| Transcribing agency | LIBRARY |
| Modifying agency | DLC |
| 050 00 - LIBRARY OF CONGRESS CALL NUMBER | |
| Classification number | QA76.95 |
| Item number | .G73 1991 |
| 082 00 - DEWEY DECIMAL CLASSIFICATION NUMBER | |
| Classification number | 510.285 GRA |
| 100 1# - MAIN ENTRY--PERSONAL NAME | |
| Personal name | Gray, Theodore W. |
| 245 10 - TITLE STATEMENT | |
| Title | Exploring mathematics with Mathematica : dialogs concerning computers and mathematics / |
| Statement of responsibility, etc. | Theodore W. Gray, Jerry Glynn. |
| 260 ## - PUBLICATION, DISTRIBUTION, ETC. | |
| Place of publication, distribution, etc. | Redwood City, Calif. : |
| Name of publisher, distributor, etc. | Addison-Wesley, |
| Date of publication, distribution, etc. | c1991. |
| 300 ## - PHYSICAL DESCRIPTION | |
| Extent | 535 p., 16 p. of plates : |
| Other physical details | ill. (some col.) ; |
| Dimensions | 24 cm. |
| 500 ## - GENERAL NOTE | |
| General note | "The Advanced book program." |
| 500 ## - GENERAL NOTE | |
| General note | Includes index. |
| 630 00 - SUBJECT ADDED ENTRY--UNIFORM TITLE | |
| Uniform title | Mathematica (Computer file) |
| General subdivision | ME |
| 650 #0 - SUBJECT ADDED ENTRY--TOPICAL TERM | |
| Topical term or geographic name entry element | Mathematics |
| General subdivision | Data processing. |
| 700 1# - ADDED ENTRY--PERSONAL NAME | |
| Personal name | Glynn, Jerry. |
| 906 ## - LOCAL DATA ELEMENT F, LDF (RLIN) | |
| a | 7 |
| b | cbc |
| c | orignew |
| d | 1 |
| e | ocip |
| f | 19 |
| g | y-gencatlg |
| 942 ## - ADDED ENTRY ELEMENTS (KOHA) | |
| Source of classification or shelving scheme | |
| Koha item type | Book |
| Withdrawn status | Lost status | Source of classification or shelving scheme | Damaged status | Not for loan | Permanent Location | Current Location | Shelving location | Date acquired | Source of acquisition | Cost, normal purchase price | Total Checkouts | Full call number | Barcode | Date last seen | Cost, replacement price | Price effective from | Koha item type |
|---|---|---|---|---|---|---|---|---|---|---|---|---|---|---|---|---|---|
| Pakistan Navy Engineering College (PNEC) | Pakistan Navy Engineering College (PNEC) | 06/27/1996 | Abrar & Sons/Library/Reference Grant | 1372.00 | 510.285 GRA | PNECLIB-018793 | 06/08/2015 | 1372.00 | 06/27/1996 | Book | |||||||
| Pakistan Navy Engineering College (PNEC) | Pakistan Navy Engineering College (PNEC) | 11/07/1999 | Abrar & Sons/Library/Reference Grant | 2250.00 | 510.285 GRA | PNECLIB-020314 | 06/08/2015 | 2250.00 | 11/07/1999 | Book |
